| 000 | 01238nam a2200433 a 4500 | ||
|---|---|---|---|
| 003 | AR-BaBNM | ||
| 005 | 20251128210100.0 | ||
| 008 | 082120s2002 ||||||||||||||000 | spa|| | ||
| 020 | _a950-701-480-2 | ||
| 040 | _cAR-BaBNM | ||
| 245 | 0 | 0 | _aProcesos de enseñanza y aprendizaje |
| 250 | _a1ª ed. | ||
| 260 |
_aBuenos Aires _bAique _c1998 |
||
| 300 | _a146 p. | ||
| 490 | 0 | _aPsicología cognitiva y educación | |
| 500 | _aContiene referencias bibliográficas | ||
| 650 | 4 | _aPROCESO DE APRENDIZAJE | |
| 650 | 4 | _aPROCESO COGNOSCITIVO | |
| 650 | 4 | _aCARACTERISTICAS DEL DOCENTE | |
| 650 | 4 | _aEXPERIENCIA DEL DOCENTE | |
| 650 | 4 | _aEFICACIA DEL DOCENTE | |
| 650 | 4 | _aCONDUCCION DE LA CLASE | |
| 650 | 4 | _aACTIVIDADES DE LA CLASE | |
| 650 | 4 | _aFORMACION DE DOCENTES | |
| 650 | 4 | _aPROFESORES DE IDIOMAS | |
| 650 | 4 | _aINGLES | |
| 650 | 4 | _aPSICOLOGIA DE LA EDUCACION | |
| 653 | _aCONSTRUCTIVISMO | ||
| 653 | _aINVESTIGACION EDUCATIVA | ||
| 653 | _aPROCESO EDUCATIVO | ||
| 700 | 1 |
_aCarretero, Mario _ecompilador |
|
| 700 | 1 | _aBennett, Neville | |
| 700 | 1 | _aJärviner, Annikki | |
| 700 | 1 | _aPope, Maureen | |
| 700 | 1 | _aRopo, Eero | |
| 800 | 1 |
_aCarretero, Mario _edirector |
|
| 942 | _cBK | ||
| 998 | _cRaquel | ||
| 999 |
_c13957 _d13957 |
||